000 00710nam a2200181 a 4500
001 000023942
005 20200930022604.0
008 110117s1964 ve 000 0 spa d
040 _aDO-SdBNP
_bspa
_cBNPHU
082 _ann*
_bnn*
100 1 _aNaudé, Gabriel.
_949258
245 1 0 _aConsideraciones políticas sobre los golpes de estado /
_cGabriel Naudé ; introducción, traducción y notas Juan Carlos Rey.
260 _aCaracas :
_bInstituto de Estudios Políticos. Facultad de Derecho. Universidad Central de Venezuela,
_c1964.
300 _a258 p. ;
_c19 cm.
500 _aIncluye referencias bibliográficas y notas al pie de las páginas.
700 1 _aRey, Juan Carlos,
_etr.
_915954
049 _aBNGR
999 _c23438
_d23438